<?xml version="1.0" encoding="UTF-8"?>
<record
    xmlns:xsi="http://www.w3.org/2001/XMLSchema-instance"
    xsi:schemaLocation="http://www.loc.gov/MARC21/slim http://www.loc.gov/standards/marcxml/schema/MARC21slim.xsd"
    xmlns="http://www.loc.gov/MARC21/slim">

  <leader>00912nam a2200289 i 4500</leader>
  <controlfield tag="001">66420</controlfield>
  <controlfield tag="003">ES-MaACL</controlfield>
  <controlfield tag="005">20230906165632.0</controlfield>
  <controlfield tag="007">t|</controlfield>
  <controlfield tag="008">030402s2002    sp           |||| | spa d</controlfield>
  <datafield tag="020" ind1=" " ind2=" ">
    <subfield code="a">84-339-6178-0</subfield>
  </datafield>
  <datafield tag="080" ind1=" " ind2=" ">
    <subfield code="a">821(4)-1.09"18/19"</subfield>
  </datafield>
  <datafield tag="080" ind1=" " ind2=" ">
    <subfield code="a">292(0:82)</subfield>
  </datafield>
  <datafield tag="100" ind1="1" ind2=" ">
    <subfield code="a">Calasso, Roberto.</subfield>
    <subfield code="9">33532</subfield>
  </datafield>
  <datafield tag="245" ind1="1" ind2="3">
    <subfield code="a">La literatura y los dioses / </subfield>
    <subfield code="c">Roberto Calasso ; traducci&#xF3;n de Edgardo Dobry.</subfield>
  </datafield>
  <datafield tag="260" ind1=" " ind2=" ">
    <subfield code="a">Barcelona : </subfield>
    <subfield code="b">Anagrama, </subfield>
    <subfield code="c">[2002]</subfield>
  </datafield>
  <datafield tag="300" ind1=" " ind2=" ">
    <subfield code="a">211 p. ; </subfield>
    <subfield code="c">22 cm.</subfield>
  </datafield>
  <datafield tag="490" ind1="1" ind2=" ">
    <subfield code="a">Argumentos ; </subfield>
    <subfield code="v">285</subfield>
  </datafield>
  <datafield tag="500" ind1=" " ind2=" ">
    <subfield code="a">&#xCD;ndice.</subfield>
  </datafield>
  <datafield tag="650" ind1="1" ind2="4">
    <subfield code="a">Poes&#xED;a europea-</subfield>
    <subfield code="y">S.XIX-</subfield>
    <subfield code="x">Historia y cr&#xED;tica.</subfield>
    <subfield code="9">168453</subfield>
  </datafield>
  <datafield tag="650" ind1="1" ind2="4">
    <subfield code="a">Poes&#xED;a europea-</subfield>
    <subfield code="y">S.XX-</subfield>
    <subfield code="x">Historia y cr&#xED;tica.</subfield>
    <subfield code="9">168454</subfield>
  </datafield>
  <datafield tag="650" ind1=" " ind2="4">
    <subfield code="a">Mitolog&#xED;a cl&#xE1;sica-</subfield>
    <subfield code="x">En la literatura.</subfield>
    <subfield code="9">15102</subfield>
  </datafield>
  <datafield tag="700" ind1="1" ind2=" ">
    <subfield code="a">Dobry, Edgardo.</subfield>
    <subfield code="9">44947</subfield>
  </datafield>
  <datafield tag="830" ind1="0" ind2=" ">
    <subfield code="a">Argumentos ; </subfield>
    <subfield code="v">285</subfield>
    <subfield code="9">178418</subfield>
  </datafield>
  <datafield tag="852" ind1=" " ind2=" ">
    <subfield code="a">ES-MaACL</subfield>
    <subfield code="j">L-26909</subfield>
  </datafield>
  <datafield tag="999" ind1=" " ind2=" ">
    <subfield code="c">66420</subfield>
    <subfield code="d">66420</subfield>
  </datafield>
  <datafield tag="952" ind1=" " ind2=" ">
    <subfield code="0">0</subfield>
    <subfield code="1">0</subfield>
    <subfield code="4">0</subfield>
    <subfield code="7">0</subfield>
    <subfield code="a">ATENEOM</subfield>
    <subfield code="b">ATENEOM</subfield>
    <subfield code="c">DEPO2</subfield>
    <subfield code="d">2008-01-17</subfield>
    <subfield code="e">SC</subfield>
    <subfield code="l">0</subfield>
    <subfield code="o">L-26909</subfield>
    <subfield code="p">1069582</subfield>
    <subfield code="r">2023-02-23 00:00:00</subfield>
    <subfield code="w">2023-02-23</subfield>
    <subfield code="y">MONOGRAFIA</subfield>
  </datafield>
</record>
